Autómatas programables: entorno y aplicaciones
Guardat en:
| Autors principals: | , , , , |
|---|---|
| Format: | Llibre |
| Idioma: | espanyol |
| Publicat: |
Barcelona
s.n
2005
|
| Matèries: | |
| Etiquetes: |
Afegir etiqueta
Sense etiquetes, Sigues el primer a etiquetar aquest registre!
|
MARC
| LEADER | 00000nam a2200000 a 4500 | ||
|---|---|---|---|
| 001 | UCK7522 | ||
| 003 | CL-VaPUC | ||
| 008 | 051125e20050000sp |||||||||||||||||spa|d | ||
| 020 | |a 8497323289 | ||
| 082 | 0 | 4 | |a 629.892 |b MAN |2 21 |
| 100 | |a Mandado Pérez, Enrique |e autor |9 577894 | ||
| 700 | 0 | |a Marcos Acevedo, Jorge |e author |9 497049 | |
| 700 | 0 | |a Pérez López, Serafín |e author |9 497050 | |
| 700 | 0 | |a Fernandez Silva, Celso |e author |9 497051 | |
| 700 | 0 | |a Armesto Quiroga, José I |e author |9 497052 | |
| 245 | 1 | 0 | |a Autómatas programables: entorno y aplicaciones |
| 300 | |a 724 p | ||
| 942 | |c BK | ||
| 945 | |d 20051125 00:00:00 |a jtorresc | ||
| 260 | |a Barcelona |b s.n |c 2005 | ||
| 650 | 0 | |a Robots |9 263117 | |
| 650 | 0 | |a Control automático |9 259890 | |
| 650 | 7 | |a DISEÑO LOGICO DE ROBOTS |2 CL-VaPUC |9 453579 | |
| 650 | 0 | |a Programación de computadores |9 259531 | |
| 583 | |a last modification |c 20180109 04:52:03 |k Rodrigo Vera | ||
| 999 | |c 315429 |d 315427 | ||
| 952 | |0 0 |1 0 |2 ddc |4 0 |6 629_892000000000000_MAN_2005 |7 0 |8 A |9 388680 |a BIBING |b BIBING |c RES |d 2019-11-22 |i 4186133 |o 629.892 MAN 2005 |p 4186133 |r 2025-01-20 |w 2019-11-22 |y BK |k EIQ | ||
| 952 | |0 0 |1 0 |2 ddc |4 0 |6 629_892000000000000_MAN_2005 |7 0 |8 A |9 388681 |a BIBING |b BIBING |c RES |d 2019-11-22 |i 4186141 |o 629.892 MAN 2005 |p 4186141 |r 2025-01-20 |w 2019-11-22 |y BK |k EIQ | ||
| 952 | |0 0 |1 0 |2 ddc |4 0 |6 629_892000000000000_MAN_2005 |7 0 |8 A |9 388682 |a BIBING |b BIBING |c RES |d 2019-11-22 |i 4204263 |o 629.892 MAN 2005 |p 4204263 |r 2025-01-20 |w 2019-11-22 |y BK |k EIQ | ||
| 952 | |0 0 |1 0 |2 ddc |4 0 |6 629_892000000000000_MAN_2005 |7 0 |8 A |9 388683 |a BIBING |b BIBING |c RES |d 2019-11-22 |i 4204255 |o 629.892 MAN 2005 |p 4204255 |r 2025-01-20 |w 2019-11-22 |y BK |k EIQ | ||
| 952 | |0 0 |1 0 |2 ddc |4 0 |6 629_892000000000000_MAN_2005 |7 0 |8 A |9 388684 |a BIBING |b BIBING |c RES |d 2019-11-22 |i 4282787 |o 629.892 MAN 2005 |p 4282787 |r 2025-01-20 |w 2019-11-22 |y BK |k EIE | ||
| 952 | |0 0 |1 0 |2 ddc |4 0 |6 629_892000000000000_MAN_2005 |7 0 |8 A |9 388685 |a BIBING |b BIBING |c RES |d 2019-11-22 |i 4284933 |o 629.892 MAN 2005 |p 4284933 |r 2025-01-20 |w 2019-11-22 |y BK |k EIE | ||
| 952 | |0 0 |1 0 |2 ddc |4 0 |6 629_892000000000000_MAN_2005 |7 0 |8 A |9 388686 |a BIBING |b BIBING |c RES |d 2019-11-22 |i 4284941 |o 629.892 MAN 2005 |p 4284941 |r 2025-01-20 |w 2019-11-22 |y BK |k EIE | ||
| 952 | |0 0 |1 0 |2 ddc |4 0 |6 629_892000000000000_MAN_2005 |7 0 |8 A |9 388687 |a BIBING |b BIBING |c RES |d 2019-11-22 |i 428495K |o 629.892 MAN 2005 |p 428495K |r 2025-01-20 |w 2019-11-22 |y BK |k EIE | ||
| 952 | |0 0 |1 0 |2 ddc |4 0 |6 629_892000000000000_MAN_2005 |7 0 |8 A |9 388688 |a BIBING |b BIBING |c RES |d 2019-11-22 |i 4284968 |o 629.892 MAN 2005 |p 4284968 |r 2025-01-20 |w 2019-11-22 |y BK |k EIE | ||